000 00837nam a22001937a 4500
999 _c59123
_d59123
003 Ge_BSU
005 20221128154243.0
008 221128s1982ge xxu||||| |||| 00| 0 geo d
041 _ageo
080 _a821.511.141-31 მ-74
100 _aმიქსათი, კალმან, ავტ.
_916170
245 _aწმინდა პეტრეს ქოლგა :
_b [უნგრელი მწერლის რომანი /
_c კალმან მიქსათი,
264 _aთბილისი :
_bსაბჭ. საქართველო,
_c1982.
300 _a203 გვ. ;
_b 20 სმ.
653 _aწმინდა პეტრეს ქოლგა
653 _aრომანი
700 _aორჯონიკიძე, რ.
_eმთარგმნელი
_916171
942 _2udc
_cBK